[Event "Match"]
[Site "www.echecsemail.com"]
[Date "2018.12.05"]
[Round "1"]
[White "Liencam2"]
[Black "Comrade"]
[WhiteElo "2330"]
[BlackElo "2230"]
[Result "1-0"]
[Round "1"]
1.e4 e6
2.d4 d5
3.Nb1d2 c5
4.Ng1f3 cxd4
5.exd5 Qd8xd5
6.Bf1c4 Qd5d8
7.O-O Ng8f6
8.Nd2b3 Nb8c6
9.Nb3xd4 Bc8d7
10.Bc1g5 Bf8e7
11.Rf1e1 O-O
12.Qd1e2 h6
13.Nd4xc6 bxc6
14.Bg5h4 Nf6h5
15.Ra1d1 Be7xh4
16.Nf3xh4 Nh5f4
17.Qe2e4 Nf4d5
18.Nh4f3 Qd8c7
19.Bc4b3 Ra8d8
20.c4 Nd5f6
21.Qe4e5 Qc7xe5
22.Re1xe5 Bd7c8
23.Re5e1 c5
24.Re1e5 Rd8xd1
25.Bb3xd1 Nf6d7
26.Re5e3 Bc8b7
27.Re3d3 Bb7c6
28.Rd3d6 Rf8d8
29.Nf3e5 Nd7xe5
30.Rd6xd8 Kh7
31.Rd8c8 Kg6
32.f4 Bc6xg2
33.fxe5 Bg2e4
34.Rc8xc5 { resign }
1-0

[Event "Tourn. n9969"]
[Site "www.echecsemail.com"]
[Date "2018.12.05"]
[Round "1"]
[White "Picifarkinca"]
[Black "Cal"]
[WhiteElo "1670"]
[BlackElo "1740"]
[Result "1/2-1/2"]
[Round "1"]
1.Ng1f3 d5
2.c4 dxc4
3.e3 Bc8g4
4.Bf1xc4 e6
5.d4 Ng8f6
6.O-O c6
7.h3 Bg4h5
8.Nb1c3 b5
9.Bc4e2 Bf8b4
10.Qd1c2 Bb4xc3
11.Qc2xc3 Nb8d7
12.b3 O-O
13.Bc1a3 Ra8c8
14.Ba3xf8 Nd7xf8
15.Qc3b2 a5
16.Ra1c1 Qd8d5
17.Nf3e5 Bh5xe2
18.Qb2xe2 c5
19.Qe2xb5 Nf6e4
20.Ne5d3 Ne4d2
21.Rf1d1 Nd2e4
22.f3 Ne4g3
23.Kf2 Qd5g5
24.Qb5b7 Rc8d8
25.Rc1xc5 Ng3f5
26.Rc5xf5 Qg5xf5
27.Qb7a6 h6
28.Rd1c1 Kh7
29.Nd3c5 Nf8g6
30.Qa6d3 Qf5g5
31.g3 e5
32.d5 Qg5f6
33.e4 Ng6f8
34.Kg2 Qf6b6
35.Qd3a6 Qb6b4
36.Qa6e2 Rd8e8
37.Rc1c2 Nf8g6
38.Qe2d2 Qb4b6
39.Rc2c4 Qb6b5
40.Kf2 Re8c8
41.Qd2c2 Qb5b6
42.Kg2 { draw }
1/2-1/2

[Event "Match"]
[Site "www.echecsemail.com"]
[Date "2018.12.05"]
[Round "1"]
[White "Tonino1"]
[Black "Gimmyg"]
[WhiteElo "2120"]
[BlackElo "2570"]
[Result "0-1"]
[Round "1"]
1.f4 Ng8h6
2.d4 d5
3.e3 c5
4.c3 Qd8d6
5.Bf1d3 c4
6.Bd3c2 Nb8c6
7.Ng1f3 Bc8f5
8.O-O e6
9.Nf3e5 Bf5xc2
10.Qd1xc2 f6
11.Ne5f3 Bf8e7
12.Qc2e2 O-O
13.Nb1d2 e5
14.fxe5 fxe5
15.Nf3xe5 Nc6xe5
16.dxe5 Qd6xe5
17.Rf1xf8 Ra8xf8
18.e4 Be7c5
19.Kh1 Rf8f2
20.Qe2e1 Nh6g4
 { time }
0-1

[Event "1/16 Finale"]
[Site "www.chess-mail.com"]
[Date "2018.12.05"]
[Round "1"]
[White "Manolinex"]
[Black "Szustan"]
[WhiteElo "2890"]
[BlackElo "2570"]
[Result "1-0"]
[Round "1"]
1.g3 e5
2.c4 Ng8f6
3.Bf1g2 d5
4.cxd5 Nf6xd5
5.Ng1f3 Nb8c6
6.O-O Bf8e7
7.d4 e4
8.Nf3e5 f5
9.Ne5xc6 bxc6
10.Qd1c2 Qd8d6
11.Nb1c3 Bc8e6
12.Nc3xd5 Be6xd5
13.Bc1f4 Qd6d7
14.f3 exf3
15.exf3 O-O
16.Bf4e5 Rf8b8
17.f4 a5
18.Ra1c1 Ra8a7
19.Bg2xd5 cxd5
20.Rf1f3 Ra7b7
21.b3 Be7d6
22.a4 g6
23.Kg2 Bd6b4
24.Rf3e3 Rb8c8
25.Qc2c6 Qd7xc6
26.Rc1xc6 Kf8
27.Re3e2 Ke7
28.Re2c2 Kd7
29.Rc6f6 Rc8f8
30.Rf6a6 Rf8c8
31.h4 Rb7b6
32.Rc2xc7 Rc8xc7
33.Ra6xb6 Rc7c2
34.Kh3 Bb4e1
35.Rb6b7 Ke6
36.h5 Rc2c3
37.h6 Rc3xg3
38.Kh2 Rg3g4
39.Rb7xh7 Be1g3
40.Kh3 Bg3xf4
41.Be5xf4 Rg4xf4
42.b4 g5
43.b5 Rf4xd4
44.b6 Rd4b4
45.Rh7h8 Kf6
46.Rh8g8 { resign }
1-0

[Event "Tourn. n10012"]
[Site "www.echecsemail.com"]
[Date "2018.12.06"]
[Round "1"]
[White "Bojan"]
[Black "Picifarkinca"]
[WhiteElo "1970"]
[BlackElo "1870"]
[Result "1-0"]
[Round "1"]
1.e4 c6
2.d4 d5
3.exd5 Qd8xd5
4.Nb1c3 Qd5a5
5.Qd1d3 Ng8f6
6.Bc1d2 Qa5c7
7.Bf1e2 Nb8d7
8.Ng1f3 e5
9.Qd3e3 Bf8d6
10.dxe5 Nd7xe5
11.Nf3xe5 { resign }
1-0

[Event "Tourn. n10003"]
[Site "www.echecsemail.com"]
[Date "2018.12.06"]
[Round "1"]
[White "Bojan"]
[Black "Cemaah"]
[WhiteElo "1960"]
[BlackElo "1859"]
[Result "0-1"]
[Round "1"]
1.e4 Ng8f6
2.e5 Nf6d5
3.Bf1c4 e6
4.a3 d6
5.d4 Nd5b6
6.Bc4b5 Bc8d7
7.Bb5xd7 Qd8xd7
8.Ng1f3 Bf8e7
9.exd6 cxd6
10.b3 O-O
11.Bc1f4 Nb8c6
12.c3 Ra8c8
13.Qd1d3 Rf8e8
14.O-O Be7f6
15.Nf3g5 Bf6xg5
16.Bf4xg5 e5
17.d5 Nc6e7
18.c4 Qd7f5
19.Qd3g3 Ne7g6
20.Nb1c3 a6
21.Bg5e3 Nb6d7
22.Ra1c1 Nd7f6
23.f3 h6
24.Qg3e1 Ng6f4
25.Qe1d2 g5
26.g3 Nf4g6
27.Kg2 Kg7
28.Be3b6 Qf5d7
29.Qd2d3 Nf6h5
30.Nc3e4 Nh5f4
31.gxf4 Ng6xf4
{ resign }
0-1

[Event "Tourn. n9986"]
[Site "www.echecsemail.com"]
[Date "2018.12.06"]
[Round "1"]
[White "Bojan"]
[Black "Zack1984"]
[WhiteElo "2020"]
[BlackElo "2010"]
[Result "0-1"]
[Round "1"]
1.e4 Ng8f6
2.e5 Nf6d5
3.d4 d6
4.c4 Nd5b6
5.Bc1f4 dxe5
6.Bf4xe5 Nb8c6
7.c5 Nb6d7
8.Be5g3 e5
9.d5 Nc6d4
10.b4 a5
11.Qd1d2 axb4
12.c6 bxc6
13.Bf1c4 b3
14.dxc6 Bf8b4
15.cxd7 Qd8xd7
16.Nb1c3 Nd4c2
17.Kd1 Nc2xa1
18.Qd2xd7 Bc8xd7
19.Ng1e2 b2
20.Bg3xe5 O-O-O
21.Ke1 b1Q
{ resign }
0-1

[Event "Match"]
[Site "www.echecsemail.com"]
[Date "2018.12.06"]
[Round "1"]
[White "Apdash"]
[Black "Whitekknight"]
[WhiteElo "2290"]
[BlackElo "1840"]
[Result "1-0"]
[Round "1"]
1.d4 d5
2.c4 e6
3.Nb1c3 Ng8f6
4.Ng1f3 h6
5.e3 Bf8b4
6.Nf3e5 Nb8d7
7.cxd5 Nf6xd5
8.Bc1d2 Nd7xe5
9.dxe5 O-O
10.a3 Nd5xc3
11.bxc3 Bb4e7
12.Bf1c4 Bc8d7
13.O-O Bd7c6
14.Qd1e2 Qd8d7
15.Ra1d1 Be7g5
16.f4 Bg5e7
17.Bd2c1 Qd7e8
18.e4 a6
19.f5 exf5
20.exf5 Be7c5
21.Kh1 b5
22.Bc4a2 Ra8d8
23.e6 fxe6
24.fxe6 Rf8xf1
25.Rd1xf1 Kh8
26.Qe2e5 Bc5d6
27.Qe5f5 Qe8f8
28.Qf5d3 Qf8e7
29.Ba2b1 g5
30.Rf1f7 { resign }
1-0

[Event "Tourn. n9960"]
[Site "www.echecsemail.com"]
[Date "2018.12.06"]
[Round "1"]
[White "Picifarkinca"]
[Black "Passaroa25"]
[WhiteElo "1580"]
[BlackElo "1670"]
[Result "1/2-1/2"]
[Round "1"]
1.g3 Nb8c6
2.c4 Ng8f6
3.Nb1c3 e5
4.Bf1g2 d6
5.d3 Bc8d7
6.Ng1f3 Bf8e7
7.O-O b6
8.Nf3d2 O-O
9.b4 Ra8b8
10.Ra1b1 Nc6d4
11.e3 Nd4f5
12.b5 c5
13.bxc6 Bd7c8
14.Nc3b5 Rb8a8
15.c7 Qd8d7
16.Bg2xa8 d5
17.Nb5xa7 Qd7xc7
18.Na7xc8 Qc7xc8
19.Ba8xd5 Nf6xd5
20.cxd5 Be7c5
21.Nd2b3 Bc5d6
22.Bc1b2 Nf5e7
23.e4 Ne7g6
24.Kg2 Rf8d8
25.Rb1c1 Bd6c5
26.Nb3xc5 bxc5
27.Qd1c2 f6
28.Qc2xc5 Qc8xc5
29.Rc1xc5 Ng6e7
30.Rf1c1 g5
31.Rc5c7 { draw }
1/2-1/2

[Event "Tourn. n9980"]
[Site "www.echecsemail.com"]
[Date "2018.12.06"]
[Round "1"]
[White "Bojan"]
[Black "Hundegana"]
[WhiteElo "1990"]
[BlackElo "2070"]
[Result "1-0"]
[Round "1"]
1.e4 c5
2.Bf1c4 e6
3.Ng1f3 a6
4.c3 b5
5.Bc4e2 Bc8b7
6.e5 d6
7.d3 h6
8.d4 c4
9.O-O Nb8d7
10.Bc1f4 d5
11.h3 Ng8e7
12.Nf3h2 Ne7g6
13.Bf4e3 Qd8e7
14.f4 O-O-O
15.f5 Ng6h4
16.fxe6 fxe6
17.g3 Nh4f5
18.Be3f2 g5
19.g4 Nf5g7
20.Nb1d2 Kb8
21.b3 Rd8c8
22.bxc4 dxc4
23.a4 b4
24.Nd2xc4 bxc3
25.Qd1c2 Qe7b4
26.Rf1b1 Qb4e7
27.Nc4d6 Rc8c7
28.Be2xa6 Ng7e8
29.Nd6xb7 Rc7xb7
30.Rb1xb7 Ka8
31.Qc2xc3 Qe7d8
32.d5 Nd7b8
33.Rb7a7 { resign }
1-0

[Event "Tourn. n9954"]
[Site "www.echecsemail.com"]
[Date "2018.12.06"]
[Round "1"]
[White "Comrade"]
[Black "Tartan"]
[WhiteElo "2240"]
[BlackElo "2600"]
[Result "0-1"]
[Round "1"]
1.c4 Ng8f6
2.Nb1c3 e6
3.g3 d5
4.cxd5 exd5
5.d4 c6
6.Bf1g2 Bf8e7
7.Ng1f3 O-O
8.O-O Bc8f5
9.Nf3e5 Nb8d7
10.Bc1f4 Rf8e8
11.f3 Nf6h5
12.e4 Nh5xf4
13.gxf4 Nd7xe5
14.fxe5 dxe4
15.fxe4 Bf5g6
16.Nc3e2 Be7g5
17.Ne2f4 Bg5xf4
18.Rf1xf4 Qd8b6
19.Qd1d2 Ra8d8
20.Qd2f2 Qb6xd4
21.Qf2xd4 Rd8xd4
22.Ra1e1 Re8xe5
23.Re1e2 f6
24.a3 c5
25.Bg2f3 f5
26.Re2f2 h6
27.h4 fxe4
28.Bf3xe4 Re5xe4
29.Rf4xe4 Rd4xe4
{ resign }
0-1

[Event "Tourn. n9940"]
[Site "www.echecsemail.com"]
[Date "2018.12.06"]
[Round "1"]
[White "Pdebonis"]
[Black "Krystek23"]
[WhiteElo "2700"]
[BlackElo "2560"]
[Result "1-0"]
[Round "1"]
1.d4 Ng8f6
2.Bc1g5 e6
3.e4 Bf8e7
4.e5 Nf6d5
5.Bg5xe7 Nd5xe7
6.Bf1d3 Nb8c6
7.Ng1f3 b6
8.c3 Bc8b7
9.Nb1d2 d6
10.Qd1e2 Qd8d7
11.O-O-O Ne7d5
12.g3 O-O-O
13.Bd3b5 Qd7e7
14.c4 Nd5b4
15.exd6 Rd8xd6
16.Nd2e4 Nb4xa2
17.Kb1 Na2b4
18.Ne4xd6 cxd6
19.d5 exd5
20.Qe2xe7 Nc6xe7
21.Rh1e1 Ne7f5
22.Nf3d4 Nf5xd4
23.Rd1xd4 Kd8
24.cxd5 a5
25.Re1c1 Rh8f8
26.Rd4c4 Nb4d3
27.Rc1c3 Nd3e5
28.Rc4c7 Bb7c6
29.Rc3xc6 { resign }
1-0

[Event "Tourn. n10010"]
[Site "www.echecsemail.com"]
[Date "2018.12.06"]
[Round "1"]
[White "Aperturaf"]
[Black "Apdash"]
[WhiteElo "2720"]
[BlackElo "2310"]
[Result "1-0"]
[Round "1"]
1.e4 e5
2.f4 exf4
3.Ng1f3 Bf8e7
4.Bf1c4 d6
5.d4 Be7h4
6.Kf1 Qd8f6
7.e5 dxe5
8.dxe5 Qf6e7
9.Bc1xf4 Bc8g4
10.Nb1c3 Qe7c5
11.Qd1e2 Nb8c6
12.Nc3e4 Qc5b6
13.c3 Ng8h6
14.Bf4xh6 gxh6
15.Ne4f6 Bh4xf6
16.exf6 Kf8
17.Qe2d2 Bg4e6
18.Qd2xh6 Ke8
19.Bc4xe6 Rh8f8
20.Be6g4 Qb6b5
21.Kf2 Qb5c5
22.Kg3 Qc5d6
23.Kh3 Nc6d8
24.Ra1d1 Qd6b6
25.Bg4d7 
1-0

[Event "Tourn. n10013"]
[Site "www.echecsemail.com"]
[Date "2018.12.06"]
[Round "1"]
[White "Foxy100"]
[Black "Apdash"]
[WhiteElo "2400"]
[BlackElo "2290"]
[Result "1-0"]
[Round "1"]
1.e4 e5
2.Bf1c4 Bf8c5
3.Ng1f3 Nb8c6
4.c3 Ng8f6
5.d3 O-O
6.Bc4b3 d5
7.exd5 Nf6xd5
8.O-O Bc8g4
9.Rf1e1 Kh8
10.h3 Bg4xf3
11.Qd1xf3 Nd5f6
12.Nb1d2 a6
13.Bb3a4 Qd8d7
14.Ba4xc6 bxc6
15.Nd2c4 Qd7d5
16.Nc4xe5 Qd5xf3
17.Ne5xf3 Bc5d6
18.Bc1d2 Rf8e8
19.c4 c5
20.Kf1 Kg8
21.b3 Kf8
22.Re1xe8 Ra8xe8
23.Ra1e1 Re8a8
24.d4 a5
25.dxc5 Bd6xc5
26.a4 Ra8b8
27.Re1e5 Bc5b4
28.Bd2xb4 axb4
29.Re5b5 Rb8xb5
30.cxb5 Nf6d7
31.Ke2 Nd7c5
32.a5 Nc5xb3
33.a6 Nb3c5
34.a7 { resign }
1-0

[Event "Match"]
[Site "www.echecsemail.com"]
[Date "2018.12.06"]
[Round "1"]
[White "Apdash"]
[Black "Luzhin"]
[WhiteElo "2330"]
[BlackElo "2510"]
[Result "1/2-1/2"]
[Round "1"]
1.e4 c5
2.Ng1f3 d6
3.d4 cxd4
4.Nf3xd4 Ng8f6
5.Nb1c3 a6
6.Bc1g5 e6
7.Bf1c4 Bf8e7
8.O-O b5
9.Bc4b3 O-O
10.Qd1e2 b4
11.Nc3d1 Qd8a5
12.Bg5d2 Qa5e5
13.c3 Qe5xe4
14.Bd2e3 a5
15.cxb4 axb4
16.f3 Qe4b7
17.Nd1f2 Nb8a6
18.Be3g5 Na6c5
19.Kh1 h6
20.Bg5xf6 Be7xf6
21.Nd4b5 Nc5xb3
22.axb3 Ra8xa1
23.Rf1xa1 Qb7b6
24.Ra1a4 Bc8a6
25.Ra4xb4 d5
26.Nb5c3 Qb6xb4
27.Qe2xa6 Bf6xc3
28.bxc3 Qb4xc3
29.Kg1 Qc3e1
30.Qa6f1 Qe1xf1
31.Kxf1 Rf8c8
32.Ke2 Rc8c2
{ draw }
1/2-1/2

[Event "Match"]
[Site "www.echecsemail.com"]
[Date "2018.12.06"]
[Round "1"]
[White "Apdash"]
[Black "Caspito"]
[WhiteElo "2350"]
[BlackElo "1800"]
[Result "1-0"]
[Round "1"]
1.d4 g6
2.e4 d6
3.c4 Bf8g7
4.Nb1c3 c6
5.Bc1e3 Ng8f6
6.Bf1d3 O-O
7.Qd1c2 e5
8.Ng1e2 Nf6g4
9.Qc2d2 Nb8d7
10.Be3g5 Qd8a5
11.Bg5e7 Rf8e8
12.Be7xd6 exd4
13.Nc3b1 Qa5b6
14.h3 Ng4e5
15.b3 c5
16.Bd6xe5 Nd7xe5
17.O-O Bc8xh3
18.f4 Ne5xd3
19.Qd2xd3 Bh3g4
20.Rf1e1 Re8e7
21.Nb1d2 Ra8e8
22.a3 a5
23.Ra1b1 Qb6c6
24.Ne2g3 b6
25.b4 f5
26.e5 Bg7h6
27.Qd3f1 Re8d8
28.bxa5 bxa5
29.Rb1b5 Rd8a8
30.a4 Ra8a6
31.Nd2b3 Bh6g7
32.Nb3xc5 Ra6b6
33.Re1b1 Rb6xb5
34.Rb1xb5 Bg7xe5
35.fxe5 Re7xe5
36.Nc5d3 Re5e3
37.Nd3e5 Qc6c7
38.Qf1f4 Kg7
39.Qf4xd4 Re3xg3
40.Ne5xg4 Kf7
41.Ng4h6 Ke6
42.Rb5b6 Ke7
43.Qd4g7 Kd8
44.Qg7f6 Qc7e7
45.Rb6b8 { resign }
1-0

[Event "Tourn. n10011"]
[Site "www.echecsemail.com"]
[Date "2018.12.06"]
[Round "1"]
[White "Bojan"]
[Black "Fantomas"]
[WhiteElo "1980"]
[BlackElo "2110"]
[Result "0-1"]
[Round "1"]
1.e4 e6
2.d4 d5
3.e5 a6
4.a3 c5
5.c3 Nb8c6
6.Ng1f3 h6
7.Bf1d3 c4
8.Bd3c2 Ng8e7
9.h3 Ne7f5
10.Bc1f4 Nf5h4
11.O-O Nh4xf3
12.Qd1xf3 Bc8d7
13.Nb1d2 Qd8e7
14.b3 b5
15.Rf1b1 g6
16.bxc4 bxc4
17.Rb1b6 Qe7d8
18.Rb6b2 a5
19.a4 Bf8g7
20.Ra1b1 Qd8c8
21.g4 Nc6d8
22.Qf3e3 Bd7c6
23.Rb1f1 Qc8d7
24.Rf1a1 g5
25.Bf4h2 Qd7e7
26.f4 gxf4
27.Qe3xf4 Kd7
28.Qf4f2 Nd8b7
29.Bh2g3 Ra8f8
30.Bg3h4 Qe7e8
31.Nd2b1 f6
32.exf6 Bg7xf6
33.Bh4g3 Bf6g5
34.Qf2e2 Qe8e7
35.Qe2e5 Nb7d6
36.Nb1a3 Bg5f6
37.Qe5e2 Bf6h4
38.Bg3xh4 Qe7xh4
39.Qe2g2 Rh8g8
40.Na3b5 h5
41.Ra1f1 Rf8xf1
42.Kxf1 hxg4
43.Nb5xd6 Kxd6
44.Bc2d1 Rg8f8
45.Ke2 gxh3
46.Qg2h2 Kd7
47.Rb2d2 Qh4e4
{ resign }
0-1

[Event "Tourn. n10022"]
[Site "www.echecsemail.com"]
[Date "2018.12.06"]
[Round "1"]
[White "Apdash"]
[Black "Fantomas"]
[WhiteElo "2220"]
[BlackElo "2100"]
[Result "1-0"]
[Round "1"]
1.e4 e5
2.Ng1f3 Nb8c6
3.d4 exd4
4.Nf3xd4 Qd8f6
5.c3 Bf8c5
6.Bc1e3 Ng8e7
7.Bf1b5 a6
8.Bb5a4 O-O
9.O-O b5
10.Ba4c2 Ne7g6
11.a4 b4
12.Nd4xc6 Qf6xc6
13.Qd1e2 Bc5xe3
14.Qe2xe3 bxc3
15.Nb1xc3 d6
16.Ra1c1 Qc6d7
17.f4 f6
18.Bc2b3 Kh8
19.Nc3d5 { resign }
1-0

[Event "Tourn. n9993"]
[Site "www.echecsemail.com"]
[Date "2018.12.06"]
[Round "1"]
[White "Picifarkinca"]
[Black "Alcon"]
[WhiteElo "1770"]
[BlackElo "1790"]
[Result "1/2-1/2"]
[Round "1"]
1.Ng1f3 g6
2.g3 Bf8g7
3.Bf1g2 d5
4.d4 Bc8g4
5.Nb1d2 Ng8f6
6.O-O O-O
7.c3 Nb8d7
8.Rf1e1 c5
9.e4 cxd4
10.cxd4 dxe4
11.Nd2xe4 Ra8c8
12.Ne4c3 a6
13.Qd1d3 e6
14.Bc1f4 b5
15.Bf4d6 Rf8e8
16.Ra1d1 Nd7b6
17.Bd6c5 Nb6d5
18.Nc3xd5 Nf6xd5
19.Rd1d2 { draw }
1/2-1/2

[Event "1/128 Finale"]
[Site "www.chess-mail.com"]
[Date "2018.12.06"]
[Round "1"]
[White "Picifarkinca"]
[Black "Telexmweene"]
[WhiteElo "1670"]
[BlackElo "1499"]
[Result "0-1"]
[Round "1"]
1.d4 d5
2.c4 dxc4
3.Ng1f3 Ng8f6
4.e3 e6
5.Bf1xc4 a6
6.a4 Bf8b4
7.Nb1c3 Qd8d6
8.O-O b6
9.Qd1e2 Bc8b7
10.Rf1d1 Bb4xc3
11.bxc3 Qd6e7
12.Bc1a3 Qe7d8
13.Ra1b1 Nb8d7
14.Bc4d3 Nf6e4
15.Qe2c2 Ne4d6
16.e4 Nd6c8
17.c4 Nc8e7
18.e5 Bb7xf3
19.gxf3 Ne7g6
20.Bd3e4 Ra8b8
21.Qc2d2 Qd8h4
22.Ba3c1 O-O
23.Qd2g5 Qh4xg5
24.Bc1xg5 f6
25.exf6 Nd7xf6
26.Be4c6 Nf6h5
27.Rb1b3 Nh5f4
28.Bg5xf4 Rf8xf4
29.Kg2 Ng6h4
30.Kg3 g5
31.Rb3e3 Nh4f5
32.Kg2 Nf5xe3
33.fxe3 Rf4f6
34.Rd1f1 a5
35.Kg3 Kg7
36.Rf1f2 h6
37.Rf2f1 e5
38.d5 e4
39.f4 Rb8f8
40.Bc6d7 gxf4
{ resign }
0-1

[Event "1/32 Finale"]
[Site "www.chess-mail.com"]
[Date "2018.12.06"]
[Round "1"]
[White "Zack1984"]
[Black "Picifarkinca"]
[WhiteElo "2090"]
[BlackElo "1740"]
[Result "1-0"]
[Round "1"]
1.b4 d5
2.Bc1b2 Bc8g4
3.h3 Bg4h5
4.a3 Ng8f6
5.g4 Bh5g6
6.Bf1g2 e6
7.e3 c5
8.h4 h5
9.g5 Nf6d7
10.Ng1e2 cxb4
11.Ne2f4 Bg6f5
12.axb4 a5
13.Nf4xh5 { resign }
1-0

[Event "Fast Game"]
[Site "www.echecsemail.com"]
[Date "2018.12.06"]
[Round "1"]
[White "Apdash"]
[Black "Tonino1"]
[WhiteElo "1850"]
[BlackElo "1840"]
[Result "1-0"]
[Round "1"]
1.e4 d6
2.d4 Ng8f6
3.Nb1c3 c6
4.h3 Qd8c7
5.Ng1f3 e5
6.dxe5 dxe5
7.a3 g6
8.Bf1c4 Bf8g7
9.Bc1e3 O-O
10.Qd1e2 b5
11.Bc4a2 Nb8d7
12.O-O Kh8
13.Nf3g5 Nd7b6
14.Be3c5 Kg8
15.Bc5xf8 Kxf8
16.Ra1d1 Bc8d7
17.Ng5xf7 Bd7e8
18.Nf7d6 Ra8d8
19.Nd6xe8 Rd8xe8
20.Qe2d2 a6
21.Qd2d6 Qc7xd6
22.Rd1xd6 Re8c8
23.Rf1d1 Nf6g8
24.Rd6d8  { time }
1-0

[Event "Tourn. n9957"]
[Site "www.echecsemail.com"]
[Date "2018.12.07"]
[Round "1"]
[White "Andychesston"]
[Black "Louis"]
[WhiteElo "2090"]
[BlackElo "2070"]
[Result "0-1"]
[Round "1"]
1.e4 d5
2.exd5 Qd8xd5
3.Nb1c3 Qd5a5
4.Ng1f3 Ng8f6
5.Bf1e2 Nb8c6
6.O-O Bc8g4
7.d4 O-O-O
8.Bc1d2 Nc6xd4
9.Nc3e4 Nd4xe2
10.Kh1 Qa5h5
11.Qd1xe2 Nf6xe4
12.Bd2f4 Ne4f6
13.Qe2c4 c6
14.Nf3e5 Bg4e2
15.Qc4a4 a6
16.Rf1e1 Be2b5
17.Qa4b3 Qh5f5
18.Ne5xf7 Rd8d4
19.Bf4g3 Nf6e4
20.Nf7xh8 Bb5c4
21.Qb3e3 e5
22.c3 Ne4xg3
23.Qe3xg3 Rd4f4
24.b3 Bc4e6
25.Ra1d1 g6
26.Qg3e3 Bf8g7
27.Qe3a7 Kc7
28.Qa7a8 Be6d5
29.Rd1xd5 cxd5
30.Qa8e8 Qf5f6
31.Qe8f7 Qf6xf7
32.Nh8xf7 Rf4xf7
33.f3 Kd6
34.Kg1 Bg7h6
35.Kf2 Bh6d2
36.Re1e2 Bd2xc3
37.Re2e3 Bc3d4
38.g3 e4
39.f4 Bd4xe3
40.Kxe3 Rf7e7
41.Kd4 e3
42.Kd3 e2
{ resign }
0-1

[Event "Tourn. n10012"]
[Site "www.echecsemail.com"]
[Date "2018.12.07"]
[Round "1"]
[White "Picifarkinca"]
[Black "Mitja"]
[WhiteElo "1870"]
[BlackElo "1970"]
[Result "0-1"]
[Round "1"]
1.e4 d5
2.exd5 Qd8xd5
3.Nb1c3 Qd5d8
4.d4 e6
5.Ng1f3 c6
6.Bc1f4 h6
7.Qd1d2 Ng8f6
8.Bf4xb8 Ra8xb8
9.Bf1d3 b6
10.Nc3e4 Nf6xe4
11.Bd3xe4 Bc8b7
12.O-O Bf8e7
13.Nf3e5 Rb8c8
14.Qd2d3 O-O
15.Ra1d1 Qd8c7
16.Be4h7 Kh8
17.Ne5g6 fxg6
{ resign }
0-1

[Event "Tourn. n10004"]
[Site "www.echecsemail.com"]
[Date "2018.12.07"]
[Round "1"]
[White "Tonino1"]
[Black "Numanoid"]
[WhiteElo "2230"]
[BlackElo "2620"]
[Result "0-1"]
[Round "1"]
1.d4 e6
2.Ng1f3 d5
3.e3 c5
4.c3 Nb8c6
5.Bf1d3 Ng8f6
6.O-O Bf8d6
7.Nb1d2 O-O
8.b3 cxd4
9.exd4 e5
10.dxe5 Nc6xe5
11.Nf3xe5 Bd6xe5
12.Bc1b2 Rf8e8
13.f4 Qd8b6
14.Kh1 Be5c7
15.c4 Nf6g4
16.c5 Qb6h6
17.Qd1b1 Qh6xh2

0-1

[Event "Tourn. n10000"]
[Site "www.echecsemail.com"]
[Date "2018.12.07"]
[Round "1"]
[White "Coolant"]
[Black "Drill64"]
[WhiteElo "2360"]
[BlackElo "2330"]
[Result "1-0"]
[Round "1"]
1.Nb1c3 c5
2.Ng1f3 d5
3.d4 cxd4
4.Qd1xd4 Ng8f6
5.e4 Nb8c6
6.Bf1b5 Bc8d7
7.Bb5xc6 Bd7xc6
8.exd5 Nf6xd5
9.Nc3xd5 Qd8xd5
10.Qd4xd5 Bc6xd5
11.Ke2 Bd5xf3
12.Kxf3 e6
13.Bc1e3 Bf8e7
14.Rh1d1 b6
15.Rd1d3 Ra8d8
16.Rd3xd8 Kxd8
17.a4 Kc7
18.a5 Kb7
19.a6 Kc7
20.Ra1a4 Rh8c8
21.Be3f4 Be7d6
22.Ra4c4 Kd7
23.Rc4xc8 Kxc8
24.Bf4xd6 { resign }
1-0

[Event "Tourn. n10015"]
[Site "www.echecsemail.com"]
[Date "2018.12.07"]
[Round "1"]
[White "Osopanda"]
[Black "Julian"]
[WhiteElo "1640"]
[BlackElo "1610"]
[Result "1-0"]
[Round "1"]
1.e4 e5
2.Ng1f3 Nb8c6
3.Bf1b5 d6
4.d4 exd4
5.Nf3xd4 Bc8d7
6.Nd4xc6 bxc6
7.Bb5e2 Ng8f6
{ time. }
1-0

[Event "Tourn. n10021"]
[Site "www.echecsemail.com"]
[Date "2018.12.07"]
[Round "1"]
[White "Erno"]
[Black "Bojan"]
[WhiteElo "2169"]
[BlackElo "2000"]
[Result "1-0"]
[Round "1"]
1.d4 d5
2.c4 dxc4
3.e3 b5
4.a4 c6
5.axb5 Qd8d7
6.Bf1xc4 cxb5
7.Qd1f3 bxc4
8.Qf3xa8 a6
9.Qa8xb8 e6
10.Ra1xa6 Bf8d6
11.Ra6xd6 { resign }
1-0

[Event "Tourn. n10001"]
[Site "www.echecsemail.com"]
[Date "2018.12.07"]
[Round "1"]
[White "Cal"]
[Black "Cemaah"]
[WhiteElo "1810"]
[BlackElo "1859"]
[Result "0-1"]
[Round "1"]
1.d4 Ng8f6
2.Nb1c3 e6
3.a3 c5
4.dxc5 Bf8xc5
5.Bc1g5 Bc5xf2
6.Kxf2 Nf6g4
7.Ke1 Qd8xg5
8.h3 Qg5h4
9.Kd2 Ng4f2
10.Qd1e1 Qh4d4
11.Kc1 Nf2xh1
12.e3 Qd4f6
13.Ng1f3 O-O
14.Bf1d3 Nb8c6
15.Qe1xh1 d5
16.Qh1e1 Nc6e5
17.Nf3d4 Ne5xd3
18.cxd3 Bc8d7
19.b3 Ra8c8
20.Kb2 Rc8c7
21.g4 Rf8c8
22.Ra1c1 b5
23.Ka2 h6
24.h4 a5
25.Qe1d2 b4
26.axb4 axb4
27.Nc3xd5 exd5
28.Rc1xc7 Rc8xc7
29.Kb2 Qf6d6
30.e4 Qd6c5
31.g5 Qc5xd4
32.Kb1 dxe4
33.gxh6 Qd4xd3
34.Qd2xd3 exd3
{ resign }
0-1

[Event "Tourn. n9892"]
[Site "www.echecsemail.com"]
[Date "2018.12.07"]
[Round "1"]
[White "Seger"]
[Black "Numanoid"]
[WhiteElo "2870"]
[BlackElo "2510"]
[Result "0-1"]
[Round "1"]
1.d4 Ng8f6
2.c4 e6
3.Ng1f3 d5
4.Nb1c3 Bf8b4
5.Qd1a4 Nb8c6
6.e3 O-O
7.Bc1d2 dxc4
8.Bf1xc4 Bb4d6
9.Qa4c2 e5
10.Nf3xe5 Nc6xe5
11.dxe5 Bd6xe5
12.f4 Be5xc3
13.Bd2xc3 Nf6g4
14.Bc3d4 c5
15.Bd4xc5 Rf8e8
16.O-O b6
17.h3 Ng4xe3
18.Bc5xe3 Re8xe3
19.Qc2f2 Re3e8
20.Ra1d1 Qd8f6
21.f5 Bc8b7
22.Rd1d7 Re8e7
23.Rf1d1 Ra8e8
24.Rd7d6 Qf6g5
25.Kh2 Bb7e4
26.Rd1e1 Kf8
27.Bc4d5 Be4xg2
28.Re1xe7 Qg5xe7
29.Qf2g3 Bg2xd5
30.Rd6xd5 Qe7e2
31.Qg3g2 Qe2xg2
32.Kxg2 Re8e2
33.Kf3 Re2xb2
34.a4 Rb2b3
35.Kg2 Rb3a3
36.f6 gxf6
37.Rd5d4 f5
38.Rd4f4 Kg7
39.Rf4xf5 Ra3xa4
40.Rf5b5 Kg6
41.Kg3 Ra4d4
42.Rb5b3 f5
43.Rb3c3 b5
{ resign }
0-1

[Event "Tourn. n9966"]
[Site "www.echecsemail.com"]
[Date "2018.12.07"]
[Round "1"]
[White "Rons"]
[Black "Szustan"]
[WhiteElo "2660"]
[BlackElo "2560"]
[Result "1/2-1/2"]
[Round "1"]
1.e4 e5
2.Ng1f3 Nb8c6
3.Bf1b5 a6
4.Bb5a4 Ng8f6
5.O-O Nf6xe4
6.d4 b5
7.Ba4b3 d5
8.dxe5 Bc8e6
9.Bc1e3 Bf8e7
10.c3 O-O
11.Nb1d2 Qd8d7
12.Bb3c2 f5
13.exf6 Ne4xf6
14.Qd1b1 Kh8
15.b4 a5
16.a3 axb4
17.axb4 Ra8xa1
18.Qb1xa1 Be7d6
19.Bc2d3 Nc6e5
20.Nf3xe5 Bd6xe5
21.Be3c5 Be5d6
22.Qa1a7 Be6g8
23.Rf1e1 d4
24.Bc5xd4 Nf6g4
25.Nd2f3 Bg8d5
26.Bd3e4 Rf8a8
27.Be4xd5 Ra8xa7
28.Bd4xa7 c5
29.Ba7xc5 Bd6xc5
30.bxc5 Ng4f6
31.c4 bxc4
32.Bd5xc4 Qd7c7
33.Re1e5 Qc7a5
34.c6 Qa5c3
35.Bc4b5 g6
36.h3 Kg8
37.Re5e6 Kg7
38.Kh2 Qc3c5
39.Bb5a6 g5
40.Nf3e1 Qc5b6
41.Ba6b7 g4
42.Ne1d3 gxh3
43.gxh3 Qb6d8
{ draw }
1/2-1/2

[Event "Tourn. n9964"]
[Site "www.echecsemail.com"]
[Date "2018.12.07"]
[Round "1"]
[White "Julian"]
[Black "Fabos12"]
[WhiteElo "1810"]
[BlackElo "1910"]
[Result "0-1"]
[Round "1"]
1.e4 e6
2.d4 Nb8c6
3.Ng1f3 d5
4.e5 f6
5.c4 fxe5
6.cxd5 Qd8xd5
7.Nb1c3 Bf8b4
8.dxe5 Bb4xc3
9.bxc3 Qd5xd1
10.Kxd1 Ng8e7
11.Bf1b5 O-O
12.Bc1a3 Rf8d8
13.Kc2 a6
14.Bb5d3 b6
15.Rh1d1 h6
16.Bd3e4 Ne7d5
17.Rd1d3 Bc8b7
18.Nf3d4 Nc6xd4
19.Rd3xd4 c5
20.Rd4d3 Nd5b4
21.cxb4 Bb7xe4
22.Ra1d1 c4
{ resign }
0-1

[Event "Tourn. n9992"]
[Site "www.echecsemail.com"]
[Date "2018.12.07"]
[Round "1"]
[White "Drill64"]
[Black "Aperturaf"]
[WhiteElo "2300"]
[BlackElo "2690"]
[Result "0-1"]
[Round "1"]
1.Ng1f3 d5
2.c4 e6
3.g3 dxc4
4.Bf1g2 Ng8f6
5.Qd1a4 Nb8d7
6.Qa4xc4 a6
7.a4 b5
8.Qc4c2 Bc8b7
9.O-O c5
10.d3 Bf8e7
11.Nb1d2 Nf6d5
12.Nd2e4 Nd5b4
13.Qc2d1 O-O
14.Bc1e3 Qd8b6
15.Qd1d2 Nb4d5
16.axb5 axb5
17.Ra1xa8 Rf8xa8
18.Ne4c3 Nd5xe3
19.Qd2xe3 b4
20.Nc3e4 Ra8a2
21.Ne4d2 Bb7d5
22.Rf1b1 Be7f6
23.b3 h6
24.Nd2c4 Qb6a7
25.Nf3e5 Ra2a1
26.Rb1xa1 Qa7xa1
27.Bg2f1 Bf6xe5
28.Nc4xe5 Qa1xe5
{ resign }
0-1

[Event "1/128 Finale"]
[Site "www.chess-mail.com"]
[Date "2018.12.07"]
[Round "1"]
[White "Hennie4820"]
[Black "Bevittsmith"]
[WhiteElo "1950"]
[BlackElo "2220"]
[Result "0-1"]
[Round "1"]
1.e4 e6
2.d4 d5
3.Nb1d2 c5
4.c3 Nb8c6
5.Bf1d3 cxd4
6.exd5 Qd8xd5
7.cxd4 Ng8f6
8.Nd2f3 Bf8b4
9.Bc1d2 Bb4xd2
10.Qd1xd2 O-O
11.Ng1e2 b6
12.O-O Bc8b7
13.a3 Nc6e7
14.Ra1c1 Ra8c8
15.Rc1xc8 Rf8xc8
16.Ne2c3 Qd5h5
17.Bd3e2 Ne7f5
18.Nf3e5 Qh5h4
19.f4 Nf6e4
20.Nc3xe4 Bb7xe4
21.Be2f3 Be4xf3
22.Rf1xf3 Qh4d8
23.Rf3d3 Qd8d5
24.g4 Nf5h4
25.Qd2e2 f6
26.Ne5f3 Rc8c1
27.Kf2 Nh4xf3
28.Qe2xf3 Rc1c2
29.Kg3 Qd5xf3
30.Rd3xf3 Rc2xb2
31.Rf3e3 Kf7
32.Re3d3 a5
33.h4 a4
34.d5 Rb2b3
35.dxe6 Kxe6
{ resign }
0-1